All of Edinson Cavani's clubs - Statistics

General Stats
  • This quiz has been taken 6 times
  • The average score is 4 of 6
Answer Stats
Hint Answer % Correct
#4 Manchester United
100%
#3 PSG
100%
#2 Napoli
83%
#6 Boca Juniors
67%
#5 Valencia
50%
#1 Palermo
33%
No matching quizzes found
Score Distribution
Percent of People with Each Score
Percentile by Number Answered
Your Score History
You have not taken this quiz